| 000 | 00407nam a2200121Ia 4500 | ||
|---|---|---|---|
| 008 | 220615s9999||||xx |||||||||||||| ||und|| | ||
| 245 | 0 |
_aRobot Manipulators _bTrends and Development |
|
| 546 | _aEnglish[eng] | ||
| 650 | _aAutomatic control engineering | ||
| 700 | _aJimenez, Agustin||M Al Hadithi, Basil | ||
| 856 | _uhttps://mts.intechopen.com/storage/books/3592/authors_book/authors_book.pdf | ||
| 942 | _cEB | ||
| 999 |
_c16431 _d16431 |
||